[Event "4th Staunton Mem"]
[Site "London/Crowthorne ENG"]
[Date "2006.08.23"]
[Round "9"]
[White "Wells,P"]
[Black "Visser,Y"]
[Result "1-0"]
[WhiteElo "2480"]
[BlackElo "2516"]

1.d4 Nf6 2.Bg5 Ne4 3.Bf4 d5 4.e3 c5 5.Bd3 cxd4 6.Bxe4 dxe4 7.exd4 Nc6 8.Ne2 e5
9.dxe5 Qxd1+ 10.Kxd1 Bg4 11.Nc3 O-O-O+ 12.Kc1 h6 13.Re1 g5 14.Bd2 Bg7 15.Nxe4 Nxe5
16.Bc3 Rhe8 17.N2g3 h5 18.h3 h4 19.hxg4 hxg3 20.f3 Kc7 21.a4 f5 22.gxf5 g4
23.fxg4 Nxg4 24.Bxg7 Nf2 25.Bf6 Rc8 26.Ra3 Nxe4 27.Bh4  1-0

[Event "XXVI Open A"]
[Site "Bratto ITA"]
[Date "2006.08.24"]
[Round "6"]
[White "Vancini,E"]
[Black "Vezzosi,P"]
[Result "1-0"]
[WhiteElo "2250"]
[BlackElo "2356"]

1.d4 Nf6 2.Bg5 Ne4 3.Bf4 c5 4.f3 Qa5+ 5.c3 Nf6 6.d5 Qb6 7.Bc1 e6 8.c4 d6
9.e4 g6 10.Ne2 Bg7 11.Nec3 O-O 12.Be2 Re8 13.O-O Na6 14.Nd2 Qd8 15.f4 Nc7
16.a4 b6 17.Ra3 a6 18.e5 dxe5 19.fxe5 Nfxd5 20.cxd5 exd5 21.Nf3  1-0

[Event "VIII Open"]
[Site "Sants ESP"]
[Date "2006.08.25"]
[Round "1"]
[White "Cabello Llopis,J"]
[Black "Almeida,O"]
[Result "0-1"]
[WhiteElo "2025"]
[BlackElo "2475"]

1.d4 Nf6 2.Bg5 Ne4 3.Bf4 e6 4.e3 c5 5.Bd3 Nf6 6.c3 b6 7.Nf3 Bb7 8.Nbd2 Be7
9.h3 O-O 10.Qe2 d6 11.O-O Nc6 12.Rad1 Re8 13.e4 cxd4 14.cxd4 a6 15.Bg5 Nd7
16.Be3 b5 17.b3 Nb4 18.Bb1 Qa5 19.e5 f5 20.exd6 Bxd6 21.a4 Nd5 22.axb5 axb5
23.Qd3 h6 24.Rc1 Rac8 25.Nh4 Nc3 26.f3 Nf6 27.Ng6 Nfd5 28.Rfe1 Ba3 29.Nh4 Bxc1
30.Nxf5  0-1

[Event "USCL"]
[Site "ICC INT"]
[Date "2006.08.30"]
[Round "1"]
[White "Bhat,V"]
[Black "Panchanathan,M"]
[Result "1-0"]
[WhiteElo "2409"]
[BlackElo "2500"]

1.d4 Nf6 2.Bg5 Ne4 3.Bf4 c5 4.f3 Qa5+ 5.c3 Nf6 6.d5 Qb6 7.e4 Qxb2 8.Nd2 Qxc3
9.Bc7 b6 10.Rc1 Qa5 11.Be5 Ba6 12.Bc3 Bxf1 13.Bxa5 Bxg2 14.Bc3 Bxh1 15.Qa4 g6
16.Nc4 Bh6 17.Rb1 O-O 18.Nxb6 axb6 19.Qxa8 Be3 20.Ke2 Bxg1 21.Bxf6 exf6 22.Rxg1 Nc6
23.Qxf8+ Kxf8 24.dxc6 Bxf3+ 25.Kxf3 dxc6 26.a4 Ke7 27.Rb1 b5 28.axb5 cxb5
29.Rxb5 Kd6 30.Rb7  1-0

[Event "II Magistral"]
[Site "Guarapari BRA"]
[Date "2006.08.31"]
[Round "4"]
[White "Rodi,L"]
[Black "Bittencourt,J"]
[Result "1/2-1/2"]
[WhiteElo "2236"]
[BlackElo "2419"]

1.d4 Nf6 2.Bg5 Ne4 3.Bf4 d5 4.f3 Nf6 5.e4 dxe4 6.Nc3 e3 7.Bxe3 e6 8.Qd2 Nbd7
9.O-O-O c6 10.g4 Bb4 11.a3 Be7 12.Bd3 Qa5 13.Kb1 Nb6 14.Nge2 Nfd5 15.Nxd5 Qxd2
16.Nc7+ Kd7 17.Rxd2 Kxc7 18.Bf4+ Bd6 19.Bxd6+ Kxd6 20.h4 Bd7 21.Re1 Rad8
22.Nc1 Kc7 23.Rf2 Bc8 24.c3 Nd7 25.b4 b6 26.Bc4 Nf6 27.Nd3 Nd5 28.Kb2 f6
29.f4 Kd6 30.Rfe2 Bd7 31.Bb3 h5 32.g5 Rde8 33.c4 Ne7 34.c5+ Kc7 35.Bxe6 Ng6
36.gxf6 gxf6 37.Rg2 Bxe6 38.Rxg6 Bf5 39.Rg7+ Kb8 40.Kc3 Rxe1 41.Nxe1 Re8
42.Ng2 Re2  1/2-1/2

[Event "Adolfo Pedrido Mem"]
[Site "Vilagarcia de Arousa ESP"]
[Date "2006.08.31"]
[Round "7"]
[White "Villar Nieves,A"]
[Black "Guaza Garcia,A"]
[Result "1-0"]
[WhiteElo "2177"]
[BlackElo "1990"]

1.d4 Nf6 2.Bg5 Ne4 3.Bf4 d5 4.f3 Nf6 5.Nc3 e6 6.e4 dxe4 7.fxe4 Bb4 8.Qd3 c5
9.dxc5 Qxd3 10.cxd3 Bxc5 11.Nb5 Na6 12.a3 Bb6 13.Nd6+ Ke7 14.Nc4 Bc7 15.Bd2 Nb8
16.Bb4+ Kd7 17.Nf3 Nc6 18.Bc3 b5 19.Ncd2 e5 20.Rc1 a6 21.Be2 Bb7 22.b4 h6
23.Nb3 Rad8 24.Bb2 Bd6 25.O-O Ke7 26.Nc5 Rb8 27.Nxb7  1-0

[Event "FSGM September"]
[Site "Budapest HUN"]
[Date "2006.09.02"]
[Round "13"]
[White "Kosic,D"]
[Black "Flumbort,A"]
[Result "1/2-1/2"]
[WhiteElo "2506"]
[BlackElo "2510"]

1.d4 Nf6 2.Bg5 Ne4 3.Bf4 c5 4.f3 Qa5+ 5.c3 Nf6 6.Nd2 cxd4 7.Nb3 Qb6 8.Qxd4 Nc6
9.Qxb6 axb6 10.Be3 b5 11.Bd2 e5 12.e4 b4 13.Ne2 d5 14.exd5 Nxd5 15.Nbc1 Be6
16.Nd3 f6 17.c4 Nc7 18.b3 b5 19.cxb5 Nxb5 20.Rc1 Nbd4 21.Nxd4 Nxd4 22.Bxb4 Rxa2
23.Bxf8 Rxf8 24.Nc5 Bd5 25.Ne4 Bxe4 26.fxe4 Kd7 27.h4 Nxb3 28.Bb5+ Kd8 29.Rb1 Nd4
30.O-O Rc2 31.Ba6 Rc7 32.Rb8+ Ke7 33.Rfb1 Rxb8 34.Rxb8 Ne6 35.Rb4 Nc5 36.Be2 Rb7
37.Rxb7+ Nxb7 38.Kf2 Nd6 39.Bd3 f5 40.exf5 e4 41.Bc2 Kf6 42.g4 h5 43.Kg3 hxg4
44.Kxg4 Ke5 45.Kg5 Nxf5 46.h5 e3 47.Bd1 Ke4 48.Bc2+ Kd4 49.Bd1 Ng3 50.Kg6 Kd3
51.Kxg7 Kd2 52.Bg4 e2 53.Bxe2 Kxe2 54.h6 Nf5+ 55.Kg6 Nxh6 56.Kxh6  1/2-1/2

[Event "II Magistral"]
[Site "Guarapari BRA"]
[Date "2006.09.02"]
[Round "6"]
[White "Rodi,L"]
[Black "Lima,Da"]
[Result "0-1"]
[WhiteElo "2236"]
[BlackElo "2482"]

1.d4 Nf6 2.Bg5 Ne4 3.Bf4 c5 4.f3 Qa5+ 5.c3 Nf6 6.d5 e6 7.e4 exd5 8.exd5 d6
9.Qd2 Be7 10.c4 Qxd2+ 11.Kxd2 O-O 12.Nc3 Nh5 13.Be3 f5 14.Re1 Bd8 15.Bd3 Nd7
16.Nge2 f4 17.Bf2 Ne5 18.Ne4 Bf5 19.N2c3 Ba5 20.Bh4 Nxd3 21.Kxd3 Rae8 22.Rhf1 h6
23.Re2 Bxc3 24.Kxc3 Bxe4 25.fxe4 g5 26.Be1 Nf6 27.Kd3 Ng4 28.h3 Ne5+ 29.Kc3 Rf7
30.b3 Kg7 31.Kc2 Kg6 32.Bc3 f3 33.gxf3 Nxf3 34.Ref2 Ref8 35.Kd1 h5 36.Ke2 Ng1+
37.Ke3 Rxf2 38.Rxf2 Rxf2 39.Kxf2 Nxh3+ 40.Ke3 g4 41.e5 dxe5 42.Bxe5 Kf5 43.Bb8 Ng5
44.Bxa7 h4 45.Bxc5 h3 46.Bd6 Ne4 47.c5 g3  0-1

[Event "3rd Open"]
[Site "Kalamaria GRE"]
[Date "2006.09.02"]
[Round "4"]
[White "Giakoustidis,S"]
[Black "Hadzimanolis,A"]
[Result "0-1"]
[WhiteElo "1957"]
[BlackElo "2333"]

1.d4 Nf6 2.Bg5 Ne4 3.Bf4 c5 4.f3 Qa5+ 5.c3 Nf6 6.Nd2 cxd4 7.Nb3 Qb6 8.Qxd4 Nc6
9.Qxb6 axb6 10.Bg5 d5 11.Bxf6 gxf6 12.e3 e5 13.a3 Be6 14.Nd2 Bh6 15.e4 O-O-O
16.Rd1 dxe4 17.fxe4 f5 18.Ngf3 fxe4 19.Nxe4 Rxd1+ 20.Kxd1 Rd8+ 21.Kc2 f5
22.Neg5 Bg8 23.h4 Bg7 24.Bb5 Bf6 25.g3 h6 26.Nh3 Bd5 27.Rf1 Rg8 28.Nd2 Ne7
29.Bd3 Bh8 30.Bxf5+ Nxf5 31.Rxf5 Be6 32.g4 Bxf5+ 33.gxf5 Rg2  0-1

[Event "II Magistral"]
[Site "Guarapari BRA"]
[Date "2006.09.04"]
[Round "8"]
[White "Rodi,L"]
[Black "Asfora,M"]
[Result "1-0"]
[WhiteElo "2236"]
[BlackElo "2245"]

1.d4 Nf6 2.Bg5 Ne4 3.Bf4 d5 4.e3 Bf5 5.f3 Nf6 6.c4 e6 7.Nc3 c6 8.Qb3 Qb6
9.c5 Qxb3 10.axb3 Nbd7 11.g4 Bg6 12.h4 h5 13.g5 Nh7 14.b4 Be7 15.b5 e5 16.Bg3 exd4
17.exd4 f6 18.f4 Nhf8 19.Bh3 Bd3 20.bxc6 bxc6 21.Kd2 Bc4 22.Nf3 g6 23.gxf6 Bxf6
24.f5 Rg8 25.Rhe1+ Kd8 26.Rg1 a6 27.Bf4 Ra7 28.Rae1 Rb7 29.Kc2 Rg7 30.Re3 Nxc5
31.dxc5 d4 32.Nxd4 Bxd4 33.Bg5+ Kc7 34.Re8 Bb3+ 35.Kc1 Bxc5 36.f6 Rf7 37.Rge1 Kb6
38.Ne4 Bb4 39.Re3 Bd5 40.Nc3 Nh7 41.Nxd5+ cxd5 42.R3e6+ Kc5 43.Rc8+ Rbc7
44.Re7 Rxc8 45.Rxf7 Nxg5 46.hxg5 Re8 47.Re7 Rf8 48.Rg7 Kd4 49.Rxg6 Bd6 50.Kb1 Be5
51.Be6 Ke4 52.f7 Bd6 53.Rf6 Rh8 54.g6 Bf8 55.Bh3 Bg7 56.Rb6 Kf4 57.Rb7 Rf8
58.Bg2 Kg5 59.Rb6 Bf6 60.Bxd5 Kxg6 61.Rxa6 Rb8 62.b3 Kg7 63.Kc2 Be7 64.Kd3 h4
65.Ke4 h3 66.Kf5 Bf8 67.Rg6+ Kh7 68.Rg3 Rd8 69.Rxh3+ Kg7 70.Rg3+ Kh7 71.Be6 Rd2
72.Kf6 Rh2 73.Bf5+ Kh6 74.Rg8  1-0

[Event "3rd Open"]
[Site "Kalamaria GRE"]
[Date "2006.09.04"]
[Round "7"]
[White "Kazantzidis,I"]
[Black "Zawadzka,J"]
[Result "0-1"]
[WhiteElo "2015"]
[BlackElo "2378"]

1.d4 Nf6 2.Bg5 Ne4 3.Bf4 d5 4.Nd2 Bf5 5.e3 Nxd2 6.Qxd2 e6 7.Bd3 Bg6 8.Nf3 Be7
9.O-O O-O 10.Bxg6 hxg6 11.Qd3 Nd7 12.c4 Rc8 13.Qb3 dxc4 14.Qxb7 a5 15.Qa6 g5
16.Bg3 g4 17.Ne5 Nxe5 18.Bxe5 Qd5 19.Rfc1 f6 20.Bg3 Rb8 21.Rxc4 Rb6 22.e4 Qxe4
23.Qxa5 Rxb2 24.Qxc7 Rxa2 25.Rd1 Qe2 26.Rcc1 Bb4 27.Qc4 Qxc4 28.Rxc4 Bd2
29.d5 e5 30.Rxg4 Rd8 31.Re4 Rxd5 32.Re2 Bc3 33.Ree1 Bxe1 34.Rxd5 Bxf2+ 35.Bxf2 Ra1+
36.Be1 Rxe1+ 37.Kf2 Ra1 38.Rb5 Kf7 39.Rb7+ Kg6 40.Kf3 Ra3+ 41.Kf2 f5 42.Rb5 e4
43.h4 Kf6 44.Rb6+ Ke5 45.Rg6 Ra2+ 46.Ke1 Kf4 47.Rxg7 Ke3 48.Rg3+ Kd4 49.Rg8 f4
50.Rd8+ Ke3 51.h5 Rxg2 52.Kf1 Rh2 53.Ra8 Kf3 54.Kg1 Rxh5  0-1

[Event "5th Kesarovski - Georgiev Mem"]
[Site "Sunny Beach BUL"]
[Date "2006.09.04"]
[Round "3"]
[White "Rusev,K"]
[Black "Zlatanova,E"]
[Result "1-0"]
[WhiteElo "2455"]
[BlackElo "2116"]

1.d4 Nf6 2.Bg5 Ne4 3.Bf4 d5 4.e3 g6 5.Bd3 Bg7 6.Bxe4 dxe4 7.Nc3 c5 8.Nge2 f5
9.h4 Nc6 10.d5 Ne5 11.h5 Nc4 12.b3 Nd6 13.Qd2 Bd7 14.a4 Qa5 15.Rb1 a6 16.Nxe4 Qxd2+
17.Nxd2 b5 18.axb5 axb5 19.c3 Ra2 20.f3 O-O 21.hxg6 hxg6 22.Bh6 Bxh6 23.Rxh6 Kg7
24.Rh1 Rfa8 25.Kd1 Nf7 26.Nc1 R2a7 27.Nd3 Rc8 28.c4 Nd6 29.Ke2 e6 30.Ra1 Rca8
31.Rxa7 Rxa7 32.Nxc5 exd5 33.cxd5 b4 34.Nxd7 Rxd7 35.Kd3  1-0

[Event "3rd Open"]
[Site "Kalamaria GRE"]
[Date "2006.09.05"]
[Round "8"]
[White "Ris,R"]
[Black "Kanakaris,G"]
[Result "1-0"]
[WhiteElo "2364"]
[BlackElo "2119"]

1.d4 Nf6 2.Bg5 Ne4 3.Bf4 d5 4.e3 Bf5 5.f3 Nd6 6.Bd3 e6 7.Ne2 Be7 8.O-O O-O
9.b3 Bg5 10.c4 Bxf4 11.Nxf4 c6 12.Nc3 Qa5 13.Rc1 dxc4 14.bxc4 e5 15.Nfe2 exd4
16.exd4 Bxd3 17.Qxd3 Nd7 18.Ne4 Ne8 19.Rfd1 Nef6 20.Nd6 Qc7 21.c5 Nd5 22.Nc3 Nxc3
23.Qxc3 Nf6 24.Re1 Nd5 25.Qd2 b5 26.Re5 Qd7 27.Rce1 a5 28.h4 a4 29.h5 Rad8
30.h6 g6 31.Rxd5 cxd5 32.Qg5 f6 33.Qxd5+ Kh8 34.a3 Qa7 35.Re6 b4 36.axb4 a3
37.Re2 Ra8 38.Ra2 Qe7 39.Qe4 Qd7 40.b5 Ra4 41.b6 Rb8 42.g4 Kg8 43.Kg2 Kf8
44.Qd5 Qe7 45.Kh3 Rd8 46.b7 Rb8 47.Re2 Rxb7 48.Rxe7 Rxe7 49.Qc6  1-0

[Event "Mitropa Cup Men"]
[Site "Brno CZE"]
[Date "2006.09.07"]
[Round "1"]
[White "Cech,P"]
[Black "Chytilek,R"]
[Result "1/2-1/2"]
[WhiteElo "2417"]
[BlackElo "2392"]

1.d4 Nf6 2.Bg5 Ne4 3.Bf4 d5 4.f3 Nf6 5.e4 c5 6.Nc3 cxd4 7.Qxd4 Nc6 8.Bb5 Bd7
9.Bxc6 Bxc6 10.exd5 Nxd5 11.O-O-O e6 12.Nge2 Nxf4 13.Qxf4 Qa5 14.Nd4 Be7
15.Nxc6 bxc6 16.Qa4 Qb6 17.Ne4 O-O 18.Rd7 Rfe8 19.Kb1 f5 20.Nd6 Bxd6 21.Rxd6 Qf2
22.Qd4 Qxd4 23.Rxd4 Re7 24.Re1 e5 25.Rd6 Rc8 26.c4 Kf7 27.Kc2 c5 28.Red1 Rcc7
29.R1d5 g6 30.Kd3 h5 31.Ra6 e4+ 32.fxe4 Rxe4 33.Ra5 Rce7  1/2-1/2

[Event "ch-EU"]
[Site "Liverpool ENG"]
[Date "2006.09.07"]
[Round "2"]
[White "Devereaux,M"]
[Black "Wilson,A"]
[Result "1-0"]
[WhiteElo "2377"]
[BlackElo "2090"]

1.d4 Nf6 2.Bg5 Ne4 3.Bf4 d5 4.e3 c5 5.Bd3 Nc6 6.Bxe4 dxe4 7.d5 Nb4 8.Nc3 e6
9.d6 Bxd6 10.Bxd6 Nxc2+ 11.Qxc2 Qxd6 12.Rd1 Qc6 13.Nxe4 O-O 14.Nf3 b6 15.Neg5 g6
16.O-O Bb7 17.h4 Qb5 18.Ne5  1-0

[Event "3rd LGA Premium Cup"]
[Site "Nuernberg GER"]
[Date "2006.09.09"]
[Round "4"]
[White "Kunin,V"]
[Black "Ftacnik,L"]
[Result "1/2-1/2"]
[WhiteElo "2494"]
[BlackElo "2579"]

1.d4 Nf6 2.Bg5 Ne4 3.Bf4 c5 4.f3 Qa5+ 5.c3 Nf6 6.Nd2 cxd4 7.Nb3 Qd8 8.cxd4 d5
9.e3 e6 10.Bd3 Nc6 11.Ne2 Nh5 12.Bg3 Nxg3 13.hxg3 Qb6 14.Kf2 Bd7 15.Nc3 g6
16.Na4 Qb4 17.Nac5 Qb6 18.Rc1 Rc8 19.g4 Nb4 20.Bb1 Be7 21.f4 Na6 22.g5 Bf8
23.Qd2 Bg7 24.Rh2 Bb5 25.Rch1 Nxc5 26.dxc5 Qa6 27.Rxh7 Rxh7 28.Rxh7 Kf8 29.g4 Bc4
30.f5 exf5 31.gxf5 Kg8 32.Rh4 gxf5 33.Bxf5 Rc7 34.e4 Qxa2 35.exd5 Qxb3 36.d6 Be5
37.Rh3 Qb5 38.dxc7 Qxc5+ 39.Qe3 Qxc7 40.Qxa7 Qd8 41.Bd7 Be6 42.Re3 Bxb2 43.Bxe6 Bd4
44.Bxf7+ Kxf7 45.Qxb7+ Kg6 46.Qe4+ Kxg5 47.Kg2 Bxe3  1/2-1/2

[Event "EU-chB16"]
[Site "Herceg Novi MNE"]
[Date "2006.09.10"]
[Round "1"]
[White "Mingachev,M"]
[Black "Pavlidis,Ana"]
[Result "1/2-1/2"]
[WhiteElo "2379"]
[BlackElo "2120"]

1.d4 Nf6 2.Bg5 Ne4 3.Bf4 c5 4.f3 Qa5+ 5.c3 Nf6 6.Nd2 cxd4 7.Nb3 Qb6 8.Qxd4 Nc6
9.Qxb6 axb6 10.e4 e5 11.Bg5 h6 12.Bxf6 gxf6 13.Bc4 d6 14.Ne2 Be7 15.Ng3 h5
16.Bd5 Bd8 17.a3 Ne7 18.Bc4 h4 19.Nf1 f5 20.O-O-O Bc7 21.Bb5+ Bd7 22.Bxd7+ Kxd7
23.Ne3 f4 24.Ng4 Ke6 25.h3 f5 26.exf5+ Kxf5 27.Rhe1 Rae8 28.Na1 Ng8 29.Nc2 Nf6
30.Nb4 Nxg4 31.hxg4+ Kg5 32.Nd5 Bd8 33.c4 h3 34.gxh3 Rxh3 35.Rf1 e4 36.Rd4 Bf6
37.Nxf6 Kxf6 38.Rxd6+ Kg5 39.Rd5+ Kh4 40.Rg1 Rh8 41.fxe4 Rg3 42.Rh1+ Rh3  1/2-1/2

[Event "XVI WSen"]
[Site "Arvier ITA"]
[Date "2006.09.13"]
[Round "3"]
[White "Manukian,Al"]
[Black "Pipitone,A"]
[Result "1-0"]
[WhiteElo "2195"]
[BlackElo "1993"]

1.d4 Nf6 2.Bg5 Ne4 3.Bf4 c5 4.f3 Nf6 5.d5 d6 6.c4 g6 7.Qd2 h5 8.e4 Nbd7 9.Nc3 Bg7
10.Nh3 h4 11.Bg5 Ne5 12.Ng1 Ng8 13.h3 Bf6 14.Bxf6 Nxf6 15.f4 Ned7 16.Nf3 Qa5
17.Bd3 a6 18.e5 dxe5 19.fxe5 Nh5 20.e6 fxe6 21.Bxg6+ Kf8 22.O-O Ndf6 23.Nxh4 exd5
24.Qxd5 e6 25.Qg5 Qd8 26.Rad1 Bd7 27.Bxh5 Rxh5 28.Rxf6+ Ke8 29.Qxh5+  1-0

[Event "EU-chB18"]
[Site "Herceg Novi MNE"]
[Date "2006.09.14"]
[Round "5"]
[White "Lapcevic,M"]
[Black "Nestorovic,DN"]
[Result "1-0"]
[WhiteElo "2309"]
[BlackElo "2353"]

1.d4 Nf6 2.Bg5 Ne4 3.Bf4 c5 4.f3 Qa5+ 5.c3 Nf6 6.Nd2 cxd4 7.Nb3 Qd8 8.cxd4 d5
9.e3 e6 10.Bd3 Bb4+ 11.Kf2 Nc6 12.g4 O-O 13.a3 Bd6 14.Bxd6 Qxd6 15.g5 Nd7
16.f4 g6 17.Nf3 f6 18.gxf6 Nxf6 19.Qg1 Ne7 20.Nbd2 Bd7 21.h4 Nh5 22.Qg5 Nf5
23.Rag1 Kh8 24.Ne5 Be8 25.Be2 Qb6 26.b4 Nxd4 27.Bxh5 Nf5 28.Rh3 gxh5 29.Nf7+  1-0

[Event "TCh-ESP Honor Gp2"]
[Site "San Sebastian ESP"]
[Date "2006.09.15"]
[Round "3"]
[White "Zhang Pengxiang"]
[Black "Romero Holmes,A"]
[Result "1/2-1/2"]
[WhiteElo "2622"]
[BlackElo "2501"]

1.d4 Nf6 2.Bg5 Ne4 3.Bf4 c5 4.f3 Qa5+ 5.c3 Nf6 6.Nd2 cxd4 7.Nb3 Qb6 8.Qxd4 Nc6
9.Qxb6 axb6 10.Be3 b5 11.Nd4 Nxd4 12.Bxd4 d6 13.e4 Bd7 14.Bxf6 gxf6 15.a3 f5
16.exf5 b4 17.Bd3 bxc3 18.bxc3 Bh6 19.Kf2 Ra5 20.Ne2 Bxf5 21.Bxf5 Rxf5 22.Rhb1 O-O
23.Rxb7 e6 24.Rb6 Rd5 25.a4 Ra8 26.a5 Rdxa5 27.Rxa5 Rxa5 28.Rxd6 Bf8 29.Rd8 Kg7
30.Ke3 h5 31.f4 Bc5+ 32.Kd3 Ra2 33.Rb8 h4 34.Rb5 Bf2 35.g3 hxg3 36.hxg3 f5
37.g4 fxg4 38.Rg5+ Kf6 39.Rxg4 e5 40.fxe5+ Kxe5 41.Rg6 Ra8 42.Nc1 Be1 43.Rg5+ Kf6
44.Rc5 Bxc3 45.Kxc3 Rd8 46.Nb3 Rd1 47.Ra5 Rd8 48.Nd4 Rc8+ 49.Kd3 Rh8 50.Rf5+ Kg6
51.Rf1 Re8 52.Kc4 Re5 53.Nc6 Rg5 54.Kd4 Rg4+ 55.Ke5 Kg5 56.Nd4 Rg3 57.Rf5+ Kg4
58.Rf4+ Kh3 59.Rf8 Kg2 60.Ra8 Rg7 61.Ra2+ Kf1 62.Nf5 Rb7 63.Ke4 Ke1 64.Nd6 Re7+
65.Kf3 Kd1 66.Ne4 Kc1 67.Ke3 Rc7 68.Nf6 Rc3+ 69.Kd4 Rc2 70.Ra1+ Kb2 71.Rh1 Rd2+
72.Kc4 Rc2+ 73.Kb4 Rc8 74.Ne4 Kc2 75.Rh3 Rb8+ 76.Kc4 Rc8+ 77.Nc5 Kd2 78.Rh7 Ke3
79.Rd7 Kf3 80.Kd4 Rb8 81.Nd3 Re8 82.Rf7+ Kg3 83.Ne5 Ra8 84.Rg7+ Kf4 85.Rf7+ Kg3
86.Ke3 Ra3+ 87.Nd3 Kg4 88.Rf8  1/2-1/2

[Event "EU-chB18"]
[Site "Herceg Novi MNE"]
[Date "2006.09.16"]
[Round "6"]
[White "Fowler,S"]
[Black "Dourerassou,J"]
[Result "0-1"]
[WhiteElo "2181"]
[BlackElo "2336"]

1.d4 Nf6 2.Bg5 Ne4 3.Bf4 d5 4.e3 c5 5.Bd3 Nf6 6.dxc5 Nc6 7.Bb5 Bg4 8.Qd4 e6
9.Ne2 Bxe2 10.Bxc6+ bxc6 11.Kxe2 Nd7 12.b4 a5 13.c3 Be7 14.e4 dxe4 15.Nd2 e5
16.Bxe5 Nxe5 17.Qxe5 Qd3+ 18.Ke1 O-O-O 19.Qf5+ Kb7 20.Rd1 Bf6 21.Qh3 e3 22.fxe3 Bxc3  0-1

[Event "EU-chB18"]
[Site "Herceg Novi MNE"]
[Date "2006.09.17"]
[Round "7"]
[White "Figura,A"]
[Black "Jarvinen,R"]
[Result "1-0"]
[WhiteElo "2353"]
[BlackElo "1983"]

1.d4 Nf6 2.Bg5 Ne4 3.Bf4 c5 4.f3 Qa5+ 5.c3 Nf6 6.d5 Nh5 7.Bc1 e5 8.e4 d6
9.Bd3 g6 10.Ne2 Bg7 11.g4 Nf6 12.h4 h6 13.h5 g5 14.Ng3 O-O 15.Na3 Ne8 16.Nc4 Qc7
17.Ne3 Bf6 18.c4 Bd7 19.Bc2 a6 20.a3 Ng7 21.Qd3 b5 22.Bd2 Rc8 23.O-O Ra7
24.Rfc1 Qb6 25.Kh1 Kf8 26.Kg2 Ke8 27.Bd1 Bd8 28.Rab1 a5 29.b4 axb4 30.axb4 Na6
31.cxb5 Bxb5 32.bxc5 Bxd3 33.cxb6 Rb7 34.Rxc8 Bxb1 35.Ba4+ Ke7 36.Nef5+ Kf6
37.Rxd8 Rxb6 38.Rh8  1-0

[Event "5th Open"]
[Site "Izmir TUR"]
[Date "2006.09.17"]
[Round "8"]
[White "Vasilev,M"]
[Black "Bagaturov,G"]
[Result "1-0"]
[WhiteElo "2429"]
[BlackElo "2461"]

1.d4 Nf6 2.Bg5 Ne4 3.Bf4 c5 4.f3 Qa5+ 5.c3 Nf6 6.Nd2 cxd4 7.Nb3 Qb6 8.Qxd4 Nc6
9.Qxb6 axb6 10.Nd4 Nxd4 11.cxd4 g6 12.e4 d6 13.Ne2 Bg7 14.Nc3 O-O 15.Be2 Bd7
16.a4 Rfc8 17.Kd2 Kf8 18.Ra3 Be8 19.Rha1 Nd7 20.Be3 e5 21.d5 Bf6 22.b4 Bd8
23.Nd1 Ke7 24.Nb2 Nf8 25.Nc4 Nd7 26.g3 f6 27.f4 exf4 28.gxf4 Bf7 29.Bf2 Be8
30.Bh4 Rab8 31.Rf1  1-0

[Event "TCh-FIN 2006-7"]
[Site "Turku FIN"]
[Date "2006.09.17"]
[Round "2"]
[White "Kanep,M"]
[Black "Holmsten,A"]
[Result "1-0"]
[WhiteElo "2510"]
[BlackElo "2392"]

1.d4 Nf6 2.Bg5 Ne4 3.h4 c5 4.dxc5 Qa5+ 5.Nd2 Nxg5 6.hxg5 g6 7.c3 Qxc5 8.Ngf3 Bg7
9.e3 Nc6 10.Bd3 d6 11.Qc2 b5 12.Rh4 Bd7 13.Ke2 b4 14.Nb3 Qb6 15.Rah1 bxc3
16.Rxh7 Rxh7 17.Rxh7 Nb4 18.Rxg7 Kf8 19.Qxc3 Rc8 20.Bc4 Rxc4 21.Rxf7+ Kxf7
22.Qxc4+ Be6 23.Qf4+ Ke8 24.Kf1 Qa6+ 25.Kg1 Nxa2 26.Nbd4 Bd5 27.e4 Bb7 28.Ne6 Qc4
29.Qf8+ Kd7 30.Qd8+  1-0

[Event "EU-chB18"]
[Site "Herceg Novi MNE"]
[Date "2006.09.18"]
[Round "8"]
[White "Fowler,S"]
[Black "Pancevski,F"]
[Result "1-0"]
[WhiteElo "2181"]
[BlackElo "2295"]

1.d4 Nf6 2.Bg5 Ne4 3.Bf4 c5 4.f3 Qa5+ 5.c3 Nf6 6.Nd2 cxd4 7.Nb3 Qd8 8.cxd4 d5
9.e3 e6 10.Rc1 Nc6 11.Bb5 Qb6 12.Bxc6+ bxc6 13.Qc2 Bb7 14.Ne2 Nd7 15.O-O Qa6
16.Rfd1 Rc8 17.Nc5 Bxc5 18.dxc5 e5 19.Bg3 O-O 20.Rd3 Ba8 21.Ra3 Qb7 22.Qb3 a6
23.Qxb7 Bxb7 24.Rb3 Rb8 25.e4 d4 26.Nxd4 exd4 27.Bxb8 Rxb8 28.Rb4 Kf8 29.Rxd4 Ke7
30.b4 Bc8 31.Rcd1 Kd8 32.e5 Kc7 33.Rg4 g6 34.Rf4 Nxe5 35.Re1 Nd7 36.Re7 f5
37.Rxh7 a5 38.a3 axb4 39.axb4 Ra8 40.Rd4 g5 41.h3 Ra1+ 42.Kh2 Re1 43.Rg7 Re2
44.Rxg5 Ne5 45.Rg7+ Bd7 46.Kg3 Re3 47.Kh4 f4 48.Rxf4 Kd8 49.Re4 Rxe4+ 50.fxe4 Nd3
51.Kg5 Nxb4 52.h4 Nd3 53.h5 Nxc5 54.h6 Nxe4+ 55.Kg6 Be8+ 56.Kf5 Nd6+ 57.Ke6  1-0

[Event "XVI WSen"]
[Site "Arvier ITA"]
[Date "2006.09.22"]
[Round "11"]
[White "Manukian,Al"]
[Black "Loktiev,I"]
[Result "0-1"]
[WhiteElo "2195"]
[BlackElo "2383"]

1.d4 Nf6 2.Bg5 Ne4 3.Bf4 e6 4.c3 Be7 5.f3 Nf6 6.e4 d5 7.e5 Nfd7 8.Bd3 c5
9.Ne2 Nc6 10.Nd2 Qb6 11.Qb3 Qc7 12.Qd1 a5 13.Bb5 Qb6 14.a4 cxd4 15.Bxc6 bxc6
16.Nxd4 Ba6 17.Qb3 Qc7 18.Kf2 Nc5 19.Qc2 Nd3+ 20.Ke3 Bg5 21.Bxg5 Qxe5+ 22.Ne4 dxe4
23.f4 Qc5 24.Raf1 Rb8 25.b3 O-O 26.Kxe4 e5 27.Ne2 Rxb3 28.f5 Rb2  0-1

[Event "1st TCH-MNE"]
[Site "Herceg Novi MNE"]
[Date "2006.09.22"]
[Round "1"]
[White "Rmus,A"]
[Black "Genov,Peta"]
[Result "1/2-1/2"]
[WhiteElo "2394"]
[BlackElo "2479"]

1.d4 Nf6 2.Bg5 Ne4 3.Bf4 d5 4.Nd2 Bf5 5.Nxe4 Bxe4 6.f3 Bg6 7.e3 e6 8.h4 h6
9.h5 Bh7 10.Bd3 Bxd3 11.Qxd3 Bd6  1/2-1/2

[Event "Monarch Assurance Isle of Man"]
[Site "Port Erin IOM"]
[Date "2006.09.23"]
[Round "1"]
[White "Walton,A"]
[Black "Golod,V"]
[Result "1/2-1/2"]
[WhiteElo "2222"]
[BlackElo "2576"]

1.d4 Nf6 2.Bg5 Ne4 3.Bf4 c5 4.f3 Nf6 5.d5 Nh5 6.Bg5 h6 7.Be3 e5 8.Nc3 d6
9.Bf2 Be7 10.e4 O-O 11.g4 Nf4 12.Nge2 Bh4 13.Nxf4 Bxf2+ 14.Kxf2 Qh4+ 15.Kg2 exf4
16.Qd2 h5 17.Qxf4 hxg4 18.fxg4 Bxg4 19.Qg3 Qxg3+ 20.Kxg3 Bd7 21.Bg2 Re8 22.Rhf1 Na6
23.Rf4 Re5 24.h4 c4 25.Ne2 Rae8 26.Kf2 Nc5 27.Ng3 a5 28.Rh1 Kf8 29.h5 Ke7
30.Ke3 Rg5 31.Kf2 b5 32.Bh3 Bxh3 33.Rxh3 b4 34.Kf3 b3 35.axb3 cxb3 36.cxb3 Nd3
37.Rf5 Ne5+ 38.Ke3 Rg4 39.Rf4 Rg5 40.Rf5 Rg4 41.Rf4 Rxf4 42.Kxf4 g6 43.hxg6 fxg6
44.Rh7+ Kf6 45.Rb7 Rh8 46.Rb6 Rh4+ 47.Ke3 Ke7 48.Rb7+ Kd8 49.Ne2 Rh3+ 50.Kf4 Rh4+
51.Ke3 Rh3+ 52.Kf4 Rh2 53.Nd4 Rxb2 54.Nc6+ Kc8 55.Nxa5 Rf2+ 56.Kg5 Re2 57.Rb4 Kc7
58.Nc4 Nd3 59.Rb6 Ne5 60.Rb4 Nd3 61.Rb6 Ne5 62.Rb4  1/2-1/2

[Event "Tatry Open"]
[Site "Tatranske Zruby SVK"]
[Date "2006.09.23"]
[Round "1"]
[White "Zambor,N"]
[Black "Justus,I"]
[Result "0-1"]
[WhiteElo "2269"]
[BlackElo "1989"]

1.d4 Nf6 2.Bg5 Ne4 3.Bf4 c5 4.f3 Qa5+ 5.c3 Nf6 6.d5 e6 7.e4 Nh5 8.Bd2 exd5
9.c4 Qd8 10.exd5 Qh4+ 11.g3 Nxg3 12.hxg3 Qxh1 13.Qe2+ Kd8 14.Qf2 Qh5 15.Nc3 d6
16.O-O-O Be7 17.Bd3 f5 18.a3 Nd7 19.f4 Re8 20.Nf3 h6 21.b4 b6 22.Kc2 Ba6
23.Kb3 Rc8 24.b5 Bb7 25.a4 Kc7 26.a5 Rcd8 27.Ra1 Nf6 28.Na4 Ne4 29.Bxe4 fxe4
30.axb6+ axb6 31.Ne1 Bf6 32.Ra3 Qd1+ 33.Ka2 Qa1+ 34.Kb3 Qb1+  0-1

[Event "XVI Gros Open"]
[Site "San Sebastian ESP"]
[Date "2006.09.24"]
[Round "4"]
[White "Rodriguez Gonzalez,J"]
[Black "Galarza Cenzano,I"]
[Result "1/2-1/2"]
[WhiteElo "2222"]
[BlackElo "1992"]

1.d4 Nf6 2.Bg5 Ne4 3.Bf4 c5 4.f3 Qa5+ 5.c3 Nf6 6.d5 d6 7.e4 g6 8.Nd2 Bg7
9.Bd3 Nbd7 10.Ne2 O-O 11.O-O Nh5 12.Bg5 Qd8 13.g4 Nhf6 14.Ng3 Ne5 15.Be2 h6
16.Be3 g5 17.Qe1 e6 18.c4 Ng6 19.Rb1 Qe7 20.Bd1 Re8 21.Ba4 Bd7 22.Bxd7 Nxd7
23.Qf2 Nde5 24.Nh5 exd5 25.cxd5 Nd3 26.Qe2 Ngf4 27.Bxf4 Nxf4 28.Nxf4 gxf4
29.Nc4 b5 30.Na5 c4 31.Nc6 Qg5 32.Rfd1 h5 33.h3 hxg4 34.hxg4 f5 35.Re1 Kf7
36.Kg2 Qh4 37.Qf2 Qxf2+ 38.Kxf2 fxg4 39.fxg4 Kg6 40.Kf3 Be5 41.Rh1 a6 42.Nxe5+ dxe5
43.Rh5 Rac8 44.Rbh1 c3 45.Rh6+ Kg7 46.Rh7+ Kg6 47.R1h6+ Kg5 48.Rh5+ Kg6 49.R5h6+ Kg5
50.Rxa6 Rh8 51.Rg7+ Kh4 52.bxc3 Rxc3+ 53.Kf2 Rc2+ 54.Kf3 Rc3+ 55.Kf2 Rc2+
56.Kf3  1/2-1/2

[Event "15th TCh-CRO"]
[Site "Sibenik CRO"]
[Date "2006.09.25"]
[Round "4"]
[White "Martinovic,Sa"]
[Black "Ascic,P"]
[Result "1/2-1/2"]
[WhiteElo "2367"]
[BlackElo "2387"]

1.d4 Nf6 2.Bg5 Ne4 3.Bf4 d5 4.e3 e6 5.Bd3 Nf6 6.Nf3 Bd6 7.Ne5 Nbd7 8.Nd2 O-O
9.O-O Re8 10.c3 Bf8 11.Bg5 Be7 12.f4 Nf8 13.Rf3 N6d7 14.Bxe7 Qxe7 15.Rh3 f5
16.c4 Nxe5 17.fxe5 c6 18.Kh1 b6 19.Qe2 Bd7 20.Rf3 Rac8 21.Rff1 Rc7 22.a3 Rd8
23.Rac1 Be8 24.b4  1/2-1/2